| 000 | 00648nam a22002297a 4500 | ||
|---|---|---|---|
| 003 | UA-OsUOA | ||
| 001 | 47024 | ||
| 007 | ta | ||
| 008 | 20070710b un ||||| |||| 00| 0 ukr d | ||
| 090 |
_a821.161.2 _bП35 |
||
| 942 | _cBK | ||
| 040 |
_aUA-OsUOA _bukr _cUA-OsUOA _dUA-OsUOA |
||
| 245 | _aПисьменники Радянської України 20-30 роки | ||
| 300 | _a406 с. | ||
| 955 | _a2 | ||
| 041 | _aukr | ||
| 080 | _a821.161.2 | ||
| 020 | _a5-333-00586-9 | ||
| 260 |
_aК. _bРадянський письменник _c1989 |
||
| 650 | 7 |
_a82 Література. Літературознавство _2UDC |
|
| 999 |
_c333064 _d333064 |
||